Обществознание (Запись № 530056)

Подробности
000 -МАРКЕР
контрольное поле 01835nam0a2200349 4500
001 - ИДЕНТИФИКАТОР ЗАПИСИ
контрольное поле RU\NLR\bibl\1005230
005 - ИДЕНТИФИКАТОР ВЕРСИИ
контрольное поле 20260407135349.0
010 ## - МЕЖДУНАРОДНЫЙ СТАНДАРТНЫЙ НОМЕР КНИГИ (ISBN)
Номер (ISBN) 5-7057-1060-7
Тираж 7100
021 ## - НОМЕР ГОСУДАРСТВЕННОЙ РЕГИСТРАЦИИ
Код страны Российская Федерация
Номер 2006-57121
Номер Листа государственной регистраци 2825
021 ## - НОМЕР ГОСУДАРСТВЕННОЙ РЕГИСТРАЦИИ
Код страны Российская Федерация
Номер 2007-17217
Номер Листа государственной регистраци 917
035 ## - ДРУГИЕ СИСТЕМНЫЕ НОМЕРА
Идентификатор записи (NLR Aleph) 000992893
100 ## - ДАННЫЕ ОБЩЕЙ ОБРАБОТКИ
Данные общей обработки 20061109d2007 |||y0rusy50 ca
101 0# - ЯЗЫК РЕСУРСА
Язык текста, звукозаписи и т.д. русский
102 ## - СТРАНА ПУБЛИКАЦИИ ИЛИ ПРОИЗВОДСТВА
Страна публикации Российская Федерация
105 ## - ПОЛЕ КОДИРОВАННЫХ ДАННЫХ: ТЕКСТОВЫЕ МАТЕРИАЛЫ, МОНОГРАФИЧЕСКИЕ
Кодированные данные о монографическом текстовом документе a |||||||||
200 1# - ЗАГЛАВИЕ И СВЕДЕНИЯ ОБ ОТВЕТСТВЕННОСТИ
Основное заглавие Обществознание
Сведения, относящиеся к заглавию 11 класс
-- поурочные планы по учебнику "Человек и общество" Л.Н. Боголюбова, А.Ю. Лазебниковой, Л.Ф. Ивановой
Первые сведения об ответственности изд-во "Учитель"
Последующие сведения об ответственности авт.-сост. С.Н. Степанько
210 ## - ПУБЛИКАЦИЯ, РАСПРОСТРАНЕНИЕ И ДР.
Место издания, распространения и т.д. Волгоград
Имя издателя, распространителя и т. д. Учитель
Дата издания, распространения и т.д. 2007
215 ## - ФИЗИЧЕСКАЯ ХАРАКТЕРИСТИКА
Специфическое обозначение материала и объем 183 с.
Другие сведения о физической характеристике схем.
Размеры 22
225 1# - СЕРИЯ
Основное заглавие серии Для преподавателей
320 ## - ПРИМЕЧАНИЯ О НАЛИЧИИ В ДОКУМЕНТЕ БИБЛИОГРАФИИ / УКАЗАТЕЛЯ
Текст примечания Библиогр.: с. 182 (13 назв.)
422 #0 - ИЗДАНИЕ, К КОТОРОМУ ОТНОСИТСЯ ПРИЛОЖЕНИЕ
Встроенное поле 2001#$aЧеловек и общество$bучебное пособие по естествознанию для учащихся 10-11 классов общеобразовательных учреждений$fБоголюбов Л.Н. [и др.]
-- 701#1$3RU\NLR\auth\772171$aБоголюбов$bЛ. Н.$f1930-$gЛеонид Наумович$4070
Заглавие Человек и общество
606 1# - НАИМЕНОВАНИЕ ТЕМЫ КАК ПРЕДМЕТ
Наименование темы Обществоведение
Тематический подзаголовок Уроки
-- Планы
-- Средняя школа
Системный номер авторитетной/нормативной записи 2319340
Идентификатор авторитетной/нормативной записи RU\NLR\auth\661387625
686 ## - ИНДЕКСЫ ДРУГИХ КЛАССИФИКАЦИЙ
Индекс Ч426.41-260.21
702 #1 - ИМЯ ЛИЦА - ВТОРИЧНАЯ ОТВЕТСТВЕННОСТЬ
Начальный элемент ввода Степанько
Часть имени, кроме начального элемента ввода С. Н.
Расширение инициалов личного имени Светлана Николаевна
Код отношения Составитель
712 02 - НАИМЕНОВАНИЕ ОРГАНИЗАЦИИ - ВТОРИЧНАЯ ОТВЕТСТВЕННОСТЬ
Код отношения Прочие
Начальный элемент ввода "Учитель", издательство
Идентифицирующий признак Волгоград
Идентификатор авторитетной/нормативной записи RU\NLR\AUTH\8810004275
Системный номер авторитетной/нормативной записи 505853
801 #0 - ИСТОЧНИК ЗАПИСИ
Страна Российская Федерация
Организация NLR
Дата составления 20061109
Правила каталогизации rcr
801 #1 - ИСТОЧНИК ЗАПИСИ
Страна Российская Федерация
Организация NLR
Дата составления 20061109
942 ## - ДОПОЛНИТЕЛЬНЫЕ ЭЛЕМЕНТЫ ЗАПИСИ (АБИС)
Тип экземпляра АБИС Книга
980 ## - КОЛЛЕКЦИЯ
Название коллекции Национальная библиография
Экземпляры
Тип экземпляра Дата поступления Источник поступления Библиотека постоянного хранения Библиотека текущего хранения Место хранения Шифр хранения Штрих-код Статус экземпляра
Книга 09.11.2006 Обязательный экземпляр РНБ (Московский) РНБ (Московский) Русский книжный фонд: издания с 1957 года 2006-5/8093 1-1507145  
Книга 09.11.2006 Обязательный экземпляр РНБ (Московский) РНБ (Московский) Русский книжный фонд: издания с 1957 года 2006-5/8093 2294981  
Книга 27.04.2007 Обязательный экземпляр РНБ (Московский) РНБ (Московский) Обменный фонд   2421370  
Книга 27.04.2007 Обязательный экземпляр РНБ (Московский) РНБ (Московский) Обменный фонд   2421371